| 000 | 00376cam a22001217a 4500 | ||
|---|---|---|---|
| 008 | 180718b2000 xxu||||| |||| 00| 0 eng d | ||
| 082 | _aA75 P969F | ||
| 245 |
_aPunjab district gazetteers: Faridkot _cedited by Jagmohan Singh |
||
| 260 |
_aChandigarh _bRevenue and Rehabilitation Department _c2000 |
||
| 300 | _a610+p. | ||
| 650 | _aFaridkot - Gazetteers | ||
| 700 | _aSingh, Mohan | ||
| 999 |
_c488067 _d488067 |
||